<?xml version="1.0" encoding="UTF-8"?>
<record
    xmlns:xsi="http://www.w3.org/2001/XMLSchema-instance"
    xsi:schemaLocation="http://www.loc.gov/MARC21/slim http://www.loc.gov/standards/marcxml/schema/MARC21slim.xsd"
    xmlns="http://www.loc.gov/MARC21/slim">

  <leader>00681nam a22001577a 4500</leader>
  <controlfield tag="003">OSt</controlfield>
  <controlfield tag="005">20160330091034.0</controlfield>
  <controlfield tag="008">160330b        xxu||||| |||| 00| 0 eng d</controlfield>
  <datafield tag="040" ind1=" " ind2=" ">
    <subfield code="c">RUA</subfield>
  </datafield>
  <datafield tag="082" ind1=" " ind2=" ">
    <subfield code="a">AGR NY 2012 B472 Or.1</subfield>
  </datafield>
  <datafield tag="100" ind1=" " ind2=" ">
    <subfield code="9">8229</subfield>
    <subfield code="a">NY ORTDAM; &#x1793;&#x17B8; &#x17A7;&#x178F;&#x17D2;&#x178A;&#x1798;</subfield>
  </datafield>
  <datafield tag="245" ind1=" " ind2=" ">
    <subfield code="a">Effect of plant spacing ang leave cutting of cassava with mixed cropping of cowpea; &#x17A5;&#x1791;&#x17D2;&#x1792;&#x17B7;&#x1796;&#x179B;&#x1793;&#x17C3;&#x1785;&#x1793;&#x17D2;&#x179B;&#x17C4;&#x17C7;&#x1782;&#x17BB;&#x1798;&#x17D2;&#x1797; &#x1793;&#x17B7;&#x1784;&#x1780;&#x17B6;&#x179A;&#x1780;&#x17B6;&#x178F;&#x17CB;&#x179F;&#x17D2;&#x179B;&#x17B9;&#x1780;&#x178A;&#x17C6;&#x17A1;&#x17BC;&#x1784;&#x1798;&#x17B8;&#x1787;&#x17B6;&#x1798;&#x17BD;&#x1799;&#x1780;&#x17B6;&#x179A;&#x178A;&#x17B6;&#x17C6;&#x1786;&#x17D2;&#x179B;&#x17B6;&#x179F;&#x17CB;&#x179F;&#x178E;&#x17D2;&#x178A;&#x17C2;&#x1780;&#x17A2;&#x1784;&#x17D2;&#x1782;&#x17BB;&#x1799;</subfield>
  </datafield>
  <datafield tag="260" ind1=" " ind2=" ">
    <subfield code="a">Phnom Penh</subfield>
    <subfield code="b">RUA</subfield>
    <subfield code="c">2012</subfield>
  </datafield>
  <datafield tag="300" ind1=" " ind2=" ">
    <subfield code="a">xii;52p.</subfield>
    <subfield code="b">ill.</subfield>
    <subfield code="c">29cm.</subfield>
  </datafield>
  <datafield tag="942" ind1=" " ind2=" ">
    <subfield code="2">ddc</subfield>
    <subfield code="c">AGR</subfield>
  </datafield>
  <datafield tag="999" ind1=" " ind2=" ">
    <subfield code="c">7856</subfield>
    <subfield code="d">7856</subfield>
  </datafield>
  <datafield tag="952" ind1=" " ind2=" ">
    <subfield code="0">0</subfield>
    <subfield code="1">0</subfield>
    <subfield code="2">ddc</subfield>
    <subfield code="4">0</subfield>
    <subfield code="6">AGR_NY_2012_000000000000000_B472_OR_1</subfield>
    <subfield code="7">0</subfield>
    <subfield code="9">45484</subfield>
    <subfield code="a">LBB</subfield>
    <subfield code="b">LBB</subfield>
    <subfield code="c">B472</subfield>
    <subfield code="d">2016-03-30</subfield>
    <subfield code="l">1</subfield>
    <subfield code="o">AGR NY 2012 B472 Or.1</subfield>
    <subfield code="p">RUA058350</subfield>
    <subfield code="r">2018-05-28</subfield>
    <subfield code="s">2018-05-22</subfield>
    <subfield code="w">2016-03-30</subfield>
    <subfield code="y">AGR</subfield>
  </datafield>
</record>
